Functional programming in scala / (Record no. 194534)
[ view plain ]
| 000 -LEADER | |
|---|---|
| fixed length control field | 00799nam a2200241Ia 4500 |
| 003 - CONTROL NUMBER IDENTIFIER | |
| control field | OSt |
| 005 - DATE AND TIME OF LATEST TRANSACTION | |
| control field | 20251027104957.0 |
| 008 - FIXED-LENGTH DATA ELEMENTS--GENERAL INFORMATION | |
| fixed length control field | 210716s2015 xx 000 0 und d |
| 020 ## - INTERNATIONAL STANDARD BOOK NUMBER | |
| International Standard Book Number | 9789351197638 |
| 040 ## - CATALOGING SOURCE | |
| Transcribing agency | AIMIT LIBRARY |
| 041 ## - LANGUAGE CODE | |
| Language code of text/sound track or separate title | eng |
| 082 ## - DEWEY DECIMAL CLASSIFICATION NUMBER | |
| Classification number | 005.7683 |
| Edition number | 1 |
| Item number | CHIP |
| 100 ## - MAIN ENTRY--PERSONAL NAME | |
| Personal name | Chiusano, Paul. |
| 9 (RLIN) | 242841 |
| 245 ## - TITLE STATEMENT | |
| Title | Functional programming in scala / |
| Statement of responsibility, etc. | By Paul Chiusano and Runar Bijarnason. |
| 250 ## - EDITION STATEMENT | |
| Edition statement | 1st ed. |
| 260 ## - PUBLICATION, DISTRIBUTION, ETC. | |
| Place of publication, distribution, etc. | New Delhi : |
| Name of publisher, distributor, etc. | Dreamtech Press , |
| Date of publication, distribution, etc. | 2015. |
| 300 ## - PHYSICAL DESCRIPTION | |
| Extent | xx,300p. ; |
| Other physical details | PB |
| Dimensions | 24.7 cm |
| 650 ## - SUBJECT ADDED ENTRY--TOPICAL TERM | |
| Topical term or geographic name entry element | Introduction to functional programming |
| 9 (RLIN) | 242842 |
| 650 ## - SUBJECT ADDED ENTRY--TOPICAL TERM | |
| Topical term or geographic name entry element | Functional desioign and combinator libraries |
| 9 (RLIN) | 242843 |
| 650 ## - SUBJECT ADDED ENTRY--TOPICAL TERM | |
| Topical term or geographic name entry element | Common structures in functional design |
| 9 (RLIN) | 242844 |
| 700 ## - ADDED ENTRY--PERSONAL NAME | |
| Personal name | Bjarnason, Runar. |
| 9 (RLIN) | 242845 |
| 942 ## - ADDED ENTRY ELEMENTS (KOHA) | |
| Source of classification or shelving scheme | Dewey Decimal Classification |
| Koha item type | Book |
| Edition | 1st |
| Call number prefix | 005.7683 CHIP |
| Withdrawn status | Lost status | Source of classification or shelving scheme | Damaged status | Not for loan | Collection code | Home library | Current library | Source of acquisition | Cost, normal purchase price | Inventory number | Total Checkouts | Full call number | Barcode | Date last seen | Cost, replacement price | Price effective from | Koha item type |
|---|---|---|---|---|---|---|---|---|---|---|---|---|---|---|---|---|---|
| Dewey Decimal Classification | MCA | St Aloysius Institute of Management & Information Technology | St Aloysius Institute of Management & Information Technology | Knowledge World | 799.00 | Bill no:445; Bill dt:2015-03-20 | 005.7683 CHIP | MCA14042 | 05/23/2026 | 599.25 | 07/16/2021 | Book |